[Event "PokerStars Masters 2nd"]
[Site "Douglas"]
[Date "2015.10.06"]
[Round "4.5"]
[White "Rambaldi, Francesco"]
[Black "Naiditsch, Arkadij"]
[Result "0-1"]
[WhiteElo "2547"]
[BlackElo "2682"]
[PlyCount "84"]
[EventDate "2015.10.03"]
[EventType "swiss"]
[EventRounds "9"]
[EventCountry "IOM"]
[SourceTitle "twic1065-1099"]
[Source "Mark Crowther"]
[SourceDate "2015.12.04"]
[SourceVersion "1"]
[SourceVersionDate "2015.12.04"]
[SourceQuality "1"]

1. Nf3 Nf6 2. g3 g6 3. b3 d5 4. Bb2 c5 5. c4 d4 6. b4 Nc6 7. b5 Na5 8. d3 b6 9.
Bg2 Bb7 10. O-O Bh6 11. Bc1 Bxc1 12. Qxc1 Qd6 13. Nbd2 a6 14. bxa6 Rxa6 15. Nb3
O-O 16. Nxa5 Rxa5 17. Qd2 Rfa8 18. Rfb1 R8a7 19. Rb2 Kg7 20. Qf4 Nd7 21. Qxd6
exd6 22. Ng5 Bxg2 23. Kxg2 Kf6 24. Nxh7+ Kf5 25. e4+ dxe3 26. fxe3 g5 27. h4
gxh4 28. gxh4 f6 29. h5 Ra8 30. Rf2+ Ke6 31. Raf1 Rxa2 32. Rxa2 Rxa2+ 33. Kh3
Ra8 34. Rg1 Kf7 35. h6 Rg8 36. Rxg8 Kxg8 37. Nxf6+ Nxf6 38. Kg3 Kh7 39. Kf4 Kg6
40. d4 d5 41. cxd5 Nxd5+ 42. Ke4 c4 0-1

[Event "PokerStars Masters 2nd"]
[Site "Douglas"]
[Date "2015.10.06"]
[Round "4.6"]
[White "Boruchovsky, Avital"]
[Black "Sargissian, Gabriel"]
[Result "0-1"]
[WhiteElo "2536"]
[BlackElo "2679"]
[PlyCount "114"]
[EventDate "2015.10.03"]
[EventType "swiss"]
[EventRounds "9"]
[EventCountry "IOM"]
[SourceTitle "twic1065-1099"]
[Source "Mark Crowther"]
[SourceDate "2015.12.04"]
[SourceVersion "1"]
[SourceVersionDate "2015.12.04"]
[SourceQuality "1"]

1. e4 c6 2. c4 d5 3. exd5 cxd5 4. cxd5 Nf6 5. d4 Nxd5 6. Nc3 Nc6 7. Nf3 g6 8.
Qb3 e6 9. Bb5 Bg7 10. Bg5 f6 11. Bd2 O-O 12. Bxc6 bxc6 13. O-O Qb6 14. Qc2 Nb4
15. Qd1 Nd3 16. Na4 Qb5 17. Qc2 Ba6 18. Rfd1 e5 19. dxe5 fxe5 20. Be3 e4 21.
Nd4 Qc4 22. Qb3 Qf7 23. Qxf7+ Rxf7 24. Rd2 Re8 25. Nb3 Bb5 26. Nbc5 Rf5 27. a3
Bxa4 28. Nxa4 Ra5 29. Nc3 Nxb2 30. Bd4 Nc4 31. Rdd1 Nb2 32. Rd2 Rd8 33. Rxb2
Bxd4 34. Rd1 e3 35. Kf1 Rxa3 36. Ne4 a5 37. Rc2 Ra1 38. Rxa1 Bxa1 39. Rxc6 Ra8
40. fxe3 a4 41. Rc2 a3 42. Ra2 Bb2 43. Ke2 Rc8 44. Nd6 Rc5 45. h4 Kf8 46. g3
Ke7 47. Ne4 Rc1 48. Kd3 Ke6 49. g4 Kd5 50. Nd2 Rc3+ 51. Ke2 Bc1 52. h5 g5 53.
h6 Bxd2 54. Rxd2+ Kc4 55. Kf3 Kb3 56. Ke4 a2 57. Rd1 Rc5 0-1

[Event "PokerStars Masters 2nd"]
[Site "Douglas"]
[Date "2015.10.06"]
[Round "4.7"]
[White "Short, Nigel D"]
[Black "Hillarp Persson, Tiger"]
[Result "1/2-1/2"]
[WhiteElo "2678"]
[BlackElo "2546"]
[PlyCount "93"]
[EventDate "2015.10.03"]
[EventType "swiss"]
[EventRounds "9"]
[EventCountry "IOM"]
[SourceTitle "twic1065-1099"]
[Source "Mark Crowther"]
[SourceDate "2015.12.04"]
[SourceVersion "1"]
[SourceVersionDate "2015.12.04"]
[SourceQuality "1"]

1. e4 c5 2. g3 Nc6 3. Bg2 g6 4. d3 Bg7 5. Nh3 d6 6. O-O e6 7. Nc3 Nge7 8. Be3
O-O 9. Qd2 e5 10. f4 Nd4 11. Rae1 a5 12. Nd1 a4 13. c3 Ndc6 14. a3 exf4 15.
Nxf4 Ne5 16. Kh1 Bd7 17. Bg1 Bb5 18. Ne3 N7c6 19. Rd1 Na5 20. Qe2 Rc8 21. Nfd5
Nac6 22. g4 Nb8 23. Bf2 Nbd7 24. Bg3 Re8 25. h4 Re6 26. Kg1 h6 27. Rd2 Nf6 28.
Nf4 Re8 29. Qd1 Bd7 30. Bh3 c4 31. g5 hxg5 32. hxg5 Nh7 33. Bxd7 Qxd7 34. d4
Nd3 35. Nxd3 cxd3 36. Bf4 Rxe4 37. Rh2 Rxf4 38. Rxf4 Nxg5 39. Rf1 Qb5 40. Qg4
Re8 41. Nf5 Ne4 42. Nxg7 Kxg7 43. Qh3 Qg5+ 44. Rg2 Qe7 45. Rh2 Qg5+ 46. Rg2 Qe7
47. Rh2 1/2-1/2

[Event "PokerStars Masters 2nd"]
[Site "Douglas"]
[Date "2015.10.06"]
[Round "4.8"]
[White "Granda Zuniga, Julio E"]
[Black "Van Foreest, Jorden"]
[Result "1-0"]
[WhiteElo "2667"]
[BlackElo "2548"]
[PlyCount "63"]
[EventDate "2015.10.03"]
[EventType "swiss"]
[EventRounds "9"]
[EventCountry "IOM"]
[SourceTitle "twic1065-1099"]
[Source "Mark Crowther"]
[SourceDate "2015.12.04"]
[SourceVersion "1"]
[SourceVersionDate "2015.12.04"]
[SourceQuality "1"]

1. Nf3 d5 2. b3 c5 3. e3 Nc6 4. Bb5 Bd7 5. O-O Nf6 6. Ba3 e6 7. d4 b6 8. dxc5
bxc5 9. c4 a6 10. Bxc6 Bxc6 11. Ne5 Bb7 12. cxd5 exd5 13. Nc3 Bd6 14. Nd3 Rc8
15. Na4 Ne4 16. Rc1 Rc6 17. Nf4 d4 18. f3 Nc3 19. Nxc3 dxc3 20. Rxc3 O-O 21.
Qc1 Qg5 22. Rd1 Re8 23. Rd5 Qe7 24. Bxc5 Bxc5 25. Rcxc5 Rcc8 26. b4 h6 27. a3
Rxc5 28. Rxc5 Qd6 29. h4 Rd8 30. Rc7 Qb6 31. Qc5 Qf6 32. Rxb7 1-0

[Event "PokerStars Masters 2nd"]
[Site "Douglas"]
[Date "2015.10.06"]
[Round "4.9"]
[White "Sundararajan, Kidambi"]
[Black "Grandelius, Nils"]
[Result "1/2-1/2"]
[WhiteElo "2497"]
[BlackElo "2647"]
[PlyCount "82"]
[EventDate "2015.10.03"]
[EventType "swiss"]
[EventRounds "9"]
[EventCountry "IOM"]
[SourceTitle "twic1065-1099"]
[Source "Mark Crowther"]
[SourceDate "2015.12.04"]
[SourceVersion "1"]
[SourceVersionDate "2015.12.04"]
[SourceQuality "1"]

1. Nf3 d5 2. g3 g6 3. Bg2 Bg7 4. d4 Nf6 5. O-O O-O 6. Be3 Na6 7. Qc1 Ng4 8. Bf4
c5 9. h3 Nf6 10. dxc5 Nxc5 11. c4 Qa5 12. Nbd2 Bd7 13. Nb3 Nxb3 14. axb3 Qb4
15. Ne5 Be6 16. Qc3 Qb6 17. Be3 Qd6 18. c5 Qc7 19. Nd3 Qc8 20. h4 Bh3 21. Qc1
Bxg2 22. Kxg2 Qf5 23. Ra4 Rfe8 24. Bh6 Bh8 25. Qf4 Qc8 26. Rc1 Ne4 27. Qf3 Qd7
28. Be3 e6 29. c6 bxc6 30. Rca1 e5 31. Rxa7 Rxa7 32. Rxa7 Qe6 33. b4 Bg7 34.
Nc5 Nxc5 35. Bxc5 e4 36. Qa3 h6 37. Qa6 Be5 38. Qb7 d4 39. Qd7 d3 40. exd3 exd3
41. Qxe6 Rxe6 1/2-1/2

[Event "PokerStars Masters 2nd"]
[Site "Douglas"]
[Date "2015.10.06"]
[Round "4.10"]
[White "Kuzubov, Yuriy"]
[Black "Greenfeld, Alon"]
[Result "1/2-1/2"]
[WhiteElo "2641"]
[BlackElo "2534"]
[PlyCount "146"]
[EventDate "2015.10.03"]
[EventType "swiss"]
[EventRounds "9"]
[EventCountry "IOM"]
[SourceTitle "twic1065-1099"]
[Source "Mark Crowther"]
[SourceDate "2015.12.04"]
[SourceVersion "1"]
[SourceVersionDate "2015.12.04"]
[SourceQuality "1"]

1. c4 c5 2. Nf3 Nc6 3. d4 cxd4 4. Nxd4 Nf6 5. Nc3 e6 6. a3 Bc5 7. Nb3 Bb6 8. e4
O-O 9. Be2 d5 10. cxd5 exd5 11. exd5 Ne7 12. Bf3 Nexd5 13. Nxd5 Nxd5 14. Bxd5
Re8+ 15. Be3 Bxe3 16. fxe3 Rxe3+ 17. Kf2 Qb6 18. Nd4 Re5 19. Bf3 Bg4 20. Qd2
Bxf3 21. gxf3 Rd8 22. Rhd1 Red5 23. Qb4 Qh6 24. Kg2 Rg5+ 25. Kh1 Qh3 26. Rd2
Rxd4 27. Qxb7 h6 28. Rf2 Qe6 29. Raf1 a5 30. b4 axb4 31. axb4 Kh7 32. Qc7 Rxb4
33. Qc2+ g6 34. Qc3 Rc4 35. Qb2 Rf4 36. Qd2 Rgf5 37. Qc3 Re5 38. Qb2 Re3 39.
Qb7 Qh3 40. Qd5 Rf5 41. Qb7 Re2 42. Qa7 h5 43. Qd7 Rc2 44. Qb7 Rf4 45. Kg1 Rc3
46. Qd5 Re3 47. Kh1 Rf6 48. Kg1 Rf5 49. Qb7 Rg5+ 50. Kh1 Qe6 51. Qb4 Re2 52.
Qh4 Rxf2 53. Qxf2 Qh3 54. Rg1 Rd5 55. Qg3 Qf5 56. Rf1 Rd4 57. Qf2 Rf4 58. Kg2
g5 59. Qe2 Kg7 60. Qb2+ Kg6 61. Qb6+ Kh7 62. Qb1 Kg6 63. Qxf5+ Kxf5 64. Ra1 Rd4
65. Ra2 Kf4 66. Kf2 g4 67. fxg4 hxg4 68. Kg2 f5 69. Rf2+ Kg5 70. h3 gxh3+ 71.
Kxh3 Rh4+ 72. Kg2 Rg4+ 73. Kf1 Rf4 1/2-1/2

[Event "PokerStars Masters 2nd"]
[Site "Douglas"]
[Date "2015.10.06"]
[Round "4.12"]
[White "Donchenko, Alexander"]
[Black "Hamitevici, Vladimir"]
[Result "1-0"]
[WhiteElo "2577"]
[BlackElo "2439"]
[PlyCount "75"]
[EventDate "2015.10.03"]
[EventType "swiss"]
[EventRounds "9"]
[EventCountry "IOM"]
[SourceTitle "twic1065-1099"]
[Source "Mark Crowther"]
[SourceDate "2015.12.04"]
[SourceVersion "1"]
[SourceVersionDate "2015.12.04"]
[SourceQuality "1"]

1. d4 Nf6 2. c4 g6 3. g3 Bg7 4. Bg2 O-O 5. Nc3 d6 6. Nf3 Nbd7 7. O-O e5 8. e4
exd4 9. Nxd4 Re8 10. h3 a6 11. Be3 Rb8 12. b3 Ne5 13. a4 Nc6 14. Nde2 Nd7 15.
Qd2 Nc5 16. Rab1 Nb4 17. Bd4 Bxd4 18. Nxd4 c6 19. f4 Qf6 20. f5 Ncd3 21. Nce2
g5 22. Nf3 a5 23. Nxg5 h6 24. Nf3 Nc5 25. Nh2 Nxe4 26. Bxe4 Rxe4 27. Ng4 Rxg4
28. hxg4 b5 29. Nf4 d5 30. Nh5 Qg5 31. Qc3 f6 32. Nxf6+ Kf7 33. Qe5 Rb7 34.
Qe8+ Kxf6 35. Qxc8 Qe3+ 36. Kh2 Qe2+ 37. Kh3 Rg7 38. Qf8+ 1-0

[Event "PokerStars Masters 2nd"]
[Site "Douglas"]
[Date "2015.10.06"]
[Round "4.13"]
[White "Koop, Thorben"]
[Black "Timman, Jan H"]
[Result "1-0"]
[WhiteElo "2407"]
[BlackElo "2562"]
[PlyCount "49"]
[EventDate "2015.10.03"]
[EventType "swiss"]
[EventRounds "9"]
[EventCountry "IOM"]
[SourceTitle "twic1065-1099"]
[Source "Mark Crowther"]
[SourceDate "2015.12.04"]
[SourceVersion "1"]
[SourceVersionDate "2015.12.04"]
[SourceQuality "1"]

1. d4 Nf6 2. c4 e6 3. g3 c5 4. d5 exd5 5. cxd5 b5 6. Nf3 g6 7. e4 Nxe4 8. Bd3
f5 9. Nc3 Nxc3 10. bxc3 Bg7 11. Bg5 Bf6 12. Qe2+ Kf8 13. Bxf6 Qxf6 14. O-O c4
15. Bc2 Na6 16. a4 b4 17. Qxc4 bxc3 18. Rfe1 d6 19. Qc6 Rb8 20. Re8+ Kg7 21.
Rae1 Bb7 22. Qd7+ Kh6 23. Rxb8 Rxb8 24. Re7 Qh8 25. Qe6 1-0

[Event "PokerStars Masters 2nd"]
[Site "Douglas"]
[Date "2015.10.06"]
[Round "4.14"]
[White "Brunello, Sabino"]
[Black "Kobo, Ori"]
[Result "1-0"]
[WhiteElo "2553"]
[BlackElo "2427"]
[PlyCount "97"]
[EventDate "2015.10.03"]
[EventType "swiss"]
[EventRounds "9"]
[EventCountry "IOM"]
[SourceTitle "twic1065-1099"]
[Source "Mark Crowther"]
[SourceDate "2015.12.04"]
[SourceVersion "1"]
[SourceVersionDate "2015.12.04"]
[SourceQuality "1"]

1. e4 e5 2. Nf3 Nc6 3. Bb5 a6 4. Ba4 Nf6 5. d3 b5 6. Bb3 Be7 7. a4 b4 8. Nbd2
d6 9. a5 O-O 10. Nc4 Be6 11. O-O h6 12. Re1 Qc8 13. h3 Rd8 14. Be3 Qb7 15. Qe2
Bf8 16. Nfd2 d5 17. exd5 Bxd5 18. Nf3 Re8 19. Ncd2 Bxb3 20. Nxb3 Rad8 21. Nfd2
Qb5 22. Qf3 Re6 23. Qe2 Rde8 24. Ne4 Nxe4 25. dxe4 Qxe2 26. Rxe2 Rd8 27. Kf1
Red6 28. Ree1 Nd4 29. Bxd4 exd4 30. Ke2 c5 31. Nxc5 Rc6 32. Nd3 Rxc2+ 33. Kd1
Rdc8 34. Re2 R2c7 35. Rc1 b3 36. Rxc7 Rxc7 37. e5 Rc4 38. e6 fxe6 39. Rxe6 Ra4
40. Rxa6 Kh7 41. Ra8 Be7 42. Ke2 Kg6 43. Kf3 Kf5 44. g4+ Kg5 45. a6 Kh4 46. Kg2
Ra2 47. Re8 Bf6 48. f4 h5 49. a7 1-0

[Event "PokerStars Masters 2nd"]
[Site "Douglas"]
[Date "2015.10.06"]
[Round "4.15"]
[White "Daulyte, Deimante"]
[Black "Vishnu, Prasanna V"]
[Result "0-1"]
[WhiteElo "2392"]
[BlackElo "2503"]
[PlyCount "68"]
[EventDate "2015.10.03"]
[EventType "swiss"]
[EventRounds "9"]
[EventCountry "IOM"]
[SourceTitle "twic1065-1099"]
[Source "Mark Crowther"]
[SourceDate "2015.12.04"]
[SourceVersion "1"]
[SourceVersionDate "2015.12.04"]
[SourceQuality "1"]

1. e4 c5 2. Nc3 d6 3. f4 g6 4. Nf3 Bg7 5. Bb5+ Bd7 6. Bc4 Nc6 7. O-O Na5 8. Be2
Nc6 9. Bc4 Na5 10. Be2 Nf6 11. d3 Nc6 12. Qe1 O-O 13. Qh4 Nd4 14. Bd1 e6 15.
Be3 Ne8 16. Qf2 Qb6 17. Rb1 Rc8 18. f5 Bc6 19. Qh4 exf5 20. Bh6 Qd8 21. Bg5 f6
22. Be3 fxe4 23. dxe4 f5 24. Bg5 Bf6 25. Bxf6 Nxf6 26. exf5 Nxf5 27. Qc4+ Kh8
28. Re1 Re8 29. Be2 d5 30. Qxc5 d4 31. Ng5 Qe7 32. Qxe7 Rxe7 33. Nd1 Rce8 34.
Kf2 h6 0-1

[Event "PokerStars Masters 2nd"]
[Site "Douglas"]
[Date "2015.10.06"]
[Round "4.16"]
[White "Tarjan, James Edward"]
[Black "Zumsande, Martin"]
[Result "0-1"]
[WhiteElo "2479"]
[BlackElo "2422"]
[PlyCount "50"]
[EventDate "2015.10.03"]
[EventType "swiss"]
[EventRounds "9"]
[EventCountry "IOM"]
[SourceTitle "twic1065-1099"]
[Source "Mark Crowther"]
[SourceDate "2015.12.04"]
[SourceVersion "1"]
[SourceVersionDate "2015.12.04"]
[SourceQuality "1"]

1. c4 e6 2. Nf3 d5 3. d4 Nf6 4. Nc3 Be7 5. Bf4 O-O 6. a3 c5 7. dxc5 Bxc5 8. e3
Nc6 9. Qc2 Qa5 10. Rd1 Re8 11. Nd2 e5 12. Bg5 Nd4 13. Qb1 Bf5 14. Bd3 Bxd3 15.
Qxd3 Ne4 16. Ncxe4 dxe4 17. Qxe4 Qb6 18. Qb1 Ne6 19. Bh4 Bxe3 20. fxe3 Qxe3+
21. Kf1 Qf4+ 22. Bf2 Rad8 23. g3 Qh6 24. Ne4 Qh3+ 25. Kg1 Nf4 0-1

[Event "PokerStars Masters 2nd"]
[Site "Douglas"]
[Date "2015.10.06"]
[Round "4.17"]
[White "Lampert, Jonas"]
[Black "Dragnev, Valentin"]
[Result "1-0"]
[WhiteElo "2461"]
[BlackElo "2380"]
[PlyCount "63"]
[EventDate "2015.10.03"]
[EventType "swiss"]
[EventRounds "9"]
[EventCountry "IOM"]
[SourceTitle "twic1065-1099"]
[Source "Mark Crowther"]
[SourceDate "2015.12.04"]
[SourceVersion "1"]
[SourceVersionDate "2015.12.04"]
[SourceQuality "1"]

1. d4 Nf6 2. c4 e6 3. g3 d5 4. Nf3 Bb4+ 5. Bd2 Be7 6. Bg2 O-O 7. O-O c6 8. Qc2
Nbd7 9. Bf4 a5 10. Rd1 h6 11. Ne5 Nh5 12. Bc1 Nhf6 13. Nxd7 Bxd7 14. Nd2 c5 15.
cxd5 exd5 16. dxc5 Rc8 17. Qd3 a4 18. b4 b6 19. Ba3 bxc5 20. bxc5 Bxc5 21. Nf1
Qa5 22. Bxc5 Rxc5 23. Ne3 Bb5 24. Qd2 Qa6 25. Bf3 Rfc8 26. Rab1 Ne4 27. Qd4 Kf8
28. Nxd5 Rxd5 29. Qxd5 Nc3 30. Qf5 Nxb1 31. Rxb1 Bxe2 32. Bxe2 1-0

[Event "PokerStars Masters 2nd"]
[Site "Douglas"]
[Date "2015.10.06"]
[Round "4.18"]
[White "Merry, Alan B"]
[Black "Tan, Justin"]
[Result "1-0"]
[WhiteElo "2335"]
[BlackElo "2445"]
[PlyCount "123"]
[EventDate "2015.10.03"]
[EventType "swiss"]
[EventRounds "9"]
[EventCountry "IOM"]
[SourceTitle "twic1065-1099"]
[Source "Mark Crowther"]
[SourceDate "2015.12.04"]
[SourceVersion "1"]
[SourceVersionDate "2015.12.04"]
[SourceQuality "1"]

1. e4 e5 2. Nf3 Nc6 3. Nc3 Nf6 4. Bb5 Bd6 5. O-O O-O 6. d3 h6 7. Ne2 Re8 8. Ng3
Bf8 9. Bxc6 bxc6 10. b3 d5 11. Bb2 d4 12. Nd2 Nd7 13. f4 exf4 14. Rxf4 Bd6 15.
Rf1 Bxg3 16. hxg3 c5 17. Qh5 Qe7 18. Ba3 Rb8 19. Rf4 Rb6 20. Raf1 Rf8 21. Nc4
Re6 22. Qd5 g5 23. R4f2 Kg7 24. Qa8 Ra6 25. Qd5 Re6 26. Nd2 c6 27. Qc4 Qd6 28.
Rf5 Qxg3 29. Bxc5 Qe3+ 30. R1f2 Nxc5 31. Qxc5 Ree8 32. Nf1 Qc1 33. Qxd4+ Kg8
34. Rf6 Re6 35. Qxa7 Rxf6 36. Rxf6 Qxc2 37. Qd4 c5 38. Qd6 Be6 39. Rxh6 Kg7 40.
Rh5 Qc1 41. Qe7 Kg6 42. Rxg5+ Qxg5 43. Qxf8 Qe5 44. Qg8+ Kh6 45. Qg3 Qc3 46.
Qe3+ Kg6 47. Qe2 Qd4+ 48. Ne3 f5 49. Qf3 f4 50. Qxf4 Qa1+ 51. Kh2 Qxa2 52. Nf5
Bxf5 53. Qxf5+ Kh6 54. Qxc5 Qxb3 55. Qf5 Kg7 56. e5 Qd5 57. Qe4 Qe6 58. Kg3 Qf7
59. e6 Qe8 60. Qg4+ Kh8 61. Qh4+ Kg7 62. Qg5+ 1-0

[Event "PokerStars Masters 2nd"]
[Site "Douglas"]
[Date "2015.10.06"]
[Round "4.19"]
[White "Fridman, Daniel"]
[Black "Houska, Jovanka"]
[Result "1/2-1/2"]
[WhiteElo "2649"]
[BlackElo "2372"]
[PlyCount "106"]
[EventDate "2015.10.03"]
[EventType "swiss"]
[EventRounds "9"]
[EventCountry "IOM"]
[SourceTitle "twic1065-1099"]
[Source "Mark Crowther"]
[SourceDate "2015.12.04"]
[SourceVersion "1"]
[SourceVersionDate "2015.12.04"]
[SourceQuality "1"]

1. c4 e6 2. Nc3 d5 3. d4 Be7 4. Bf4 Nf6 5. Nf3 O-O 6. a3 b6 7. Qc2 Bb7 8. Rd1
Nbd7 9. cxd5 exd5 10. g3 c6 11. Bg2 Re8 12. O-O Nf8 13. Rfe1 Ne6 14. Bc1 Bf8
15. Ng5 Nxg5 16. Bxg5 h6 17. Bc1 Qd7 18. Qa4 Qf5 19. f3 c5 20. e3 a6 21. g4 Qc8
22. Qc2 Bd6 23. Qf2 Qc7 24. Bf1 Bc6 25. Bd2 Nh7 26. Kg2 f5 27. gxf5 cxd4 28.
exd4 Qf7 29. Ne2 Qxf5 30. Ng3 Qf7 31. Bd3 Rxe1 32. Rxe1 Bd7 33. f4 Nf6 34. f5
Re8 35. Rxe8+ Qxe8 36. Bf4 Qb8 37. Bxd6 Qxd6 38. Qe3 a5 39. Qe5 Qc6 40. Ne2 Qc8
41. Nc3 Kh8 42. Kg3 Bc6 43. Be2 Bd7 44. Kf4 Qd8 45. Nxd5 Nxd5+ 46. Qxd5 Qg5+
47. Ke4 Qg2+ 48. Bf3 Qc2+ 49. Ke3 Bxf5 50. Qd8+ Kh7 51. Qxb6 Qc1+ 52. Ke2 Qc2+
53. Ke3 Qc1+ 1/2-1/2

[Event "PokerStars Masters 2nd"]
[Site "Douglas"]
[Date "2015.10.06"]
[Round "4.20"]
[White "Roberson, Peter T"]
[Black "Jones, Gawain C"]
[Result "0-1"]
[WhiteElo "2423"]
[BlackElo "2623"]
[PlyCount "234"]
[EventDate "2015.10.03"]
[EventType "swiss"]
[EventRounds "9"]
[EventCountry "IOM"]
[SourceTitle "twic1065-1099"]
[Source "Mark Crowther"]
[SourceDate "2015.12.04"]
[SourceVersion "1"]
[SourceVersionDate "2015.12.04"]
[SourceQuality "1"]

1. e4 e5 2. Nf3 Nc6 3. Bb5 a6 4. Ba4 Nf6 5. O-O Be7 6. Re1 b5 7. Bb3 d6 8. c3
O-O 9. h3 Nd7 10. d4 Bf6 11. d5 Ne7 12. Nbd2 Ng6 13. Nf1 Nh4 14. a4 Nxf3+ 15.
Qxf3 Rb8 16. Bc2 Bg5 17. Bxg5 Qxg5 18. axb5 axb5 19. Ra7 Qd8 20. b4 Nb6 21. Qd3
Bd7 22. Ne3 Ra8 23. Rea1 Rxa7 24. Rxa7 g6 25. Qe2 f5 26. exf5 gxf5 27. Qh5 e4
28. f4 Rf7 29. Kh2 Bc8 30. Qe2 Qf6 31. Qd2 h5 32. Ra1 Rg7 33. Rg1 h4 34. g3
hxg3+ 35. Rxg3 Rxg3 36. Kxg3 Nc4 37. Nxc4 bxc4 38. Bd1 Bd7 39. Be2 Bb5 40. Qe3
Kf8 41. Kf2 Ke7 42. Qg3 Kd7 43. h4 e3+ 44. Qxe3 Qxh4+ 45. Qg3 Qh8 46. Bf1 Kc8
47. Bh3 Bd7 48. Bf1 Bb5 49. Bh3 Qh7 50. Qe3 Kb7 51. Bf1 Qh8 52. Qh3 Qf8 53. Be2
Qg7 54. Bf1 Kb8 55. Be2 Ba6 56. Qe3 Qh8 57. Bf1 Qh2+ 58. Bg2 Bb5 59. Qg3 Qh8
60. Qh3 Qf6 61. Bf1 Ka7 62. Be2 Kb7 63. Bf1 Qe7 64. Qe3 Qh4+ 65. Qg3 Qh1 66.
Qg2 Qh8 67. Qh3 Qa8 68. Qxf5 Qa7+ 69. Kg2 Qe3 70. Qh3 Qd2+ 71. Kg1 Qxf4 72. Be2
Qe5 73. Kf2 Ba4 74. Qe3 Qh2+ 75. Ke1 Qh1+ 76. Kd2 Qxd5+ 77. Kc1 Kb8 78. Bf3 Qf7
79. Qe4 c6 80. Kd2 Qf6 81. Qe8+ Kc7 82. Qe3 Kb7 83. Be2 d5 84. Bg4 Qg7 85. Qe6
Kb6 86. Qe3+ Kb7 87. Qe6 Qf8 88. Qf5 Qh6+ 89. Ke2 Qh2+ 90. Kf1 Qh1+ 91. Kf2 Kb6
92. Qe5 Qh4+ 93. Ke3 Qe1+ 94. Be2 Ka6 95. Qh8 Qg3+ 96. Kd2 Kb7 97. Qh7+ Kb6 98.
Qh8 Qf4+ 99. Ke1 Qd6 100. Qd4+ Kb7 101. Kd2 Qg6 102. Qe3 Qh7 103. Ke1 Bc2 104.
Bf3 Be4 105. Be2 Qh1+ 106. Kd2 Qb1 107. Qd4 Qc2+ 108. Ke3 Qc1+ 109. Kf2 Qg5
110. Ke1 Qg2 111. Qe3 Qh2 112. Qd4 Qh6 113. Qe5 Bd3 114. Bxd3 cxd3 115. b5 Qc1+
116. Kf2 Qb2+ 117. Ke3 Qe2+ 0-1

[Event "PokerStars Masters 2nd"]
[Site "Douglas"]
[Date "2015.10.06"]
[Round "4.21"]
[White "Illingworth, Max"]
[Black "Eggleston, David"]
[Result "1-0"]
[WhiteElo "2517"]
[BlackElo "2404"]
[PlyCount "135"]
[EventDate "2015.10.03"]
[EventType "swiss"]
[EventRounds "9"]
[EventCountry "IOM"]
[SourceTitle "twic1065-1099"]
[Source "Mark Crowther"]
[SourceDate "2015.12.04"]
[SourceVersion "1"]
[SourceVersionDate "2015.12.04"]
[SourceQuality "1"]

1. e4 c5 2. c3 Nf6 3. e5 Nd5 4. Nf3 Nc6 5. Bc4 e6 6. d4 cxd4 7. cxd4 d6 8. O-O
Be7 9. Qe2 O-O 10. Nc3 Nxc3 11. bxc3 dxe5 12. dxe5 Qa5 13. Rb1 Rd8 14. Qe4 Qxc3
15. Rb3 Qa5 16. Bg5 h6 17. Bxe7 Nxe7 18. Bd3 Ng6 19. h4 Rb8 20. h5 Nf8 21. Nh2
Bd7 22. Bb1 Bc6 23. Qf4 Qd2 24. Re3 Rd4 25. Qg3 Qb4 26. Rb3 Qd2 27. f4 Rbd8 28.
Qg4 Be4 29. Rg3 g6 30. Nf3 Qe3+ 31. Kh2 Qe2 32. Bxe4 Rxe4 33. hxg6 fxg6 34. Re1
Qc4 35. Rxe4 Qxe4 36. Rh3 Qf5 37. Qxf5 exf5 38. Rxh6 Kg7 39. Ng5 Rd2 40. Rh3
Rxa2 41. Rc3 Ra6 42. Rc7+ Kg8 43. Rc8 Kg7 44. Re8 b5 45. Re7+ Kg8 46. e6 Nxe6
47. Nxe6 b4 48. Nc5 Rc6 49. Nd3 a5 50. Ra7 Rc3 51. Ne5 Rc5 52. Rb7 Rc3 53. Rb5
Ra3 54. Nc4 Rd3 55. Nxa5 Kg7 56. Rxb4 g5 57. fxg5 Kg6 58. Nc4 Rd5 59. Rb6+ Kxg5
60. Rd6 Rc5 61. Nd2 Kf4 62. Nf3 Rc8 63. Re6 Rc1 64. Nd4 Rd1 65. Ne2+ Kg5 66.
Re8 f4 67. Rg8+ Kh4 68. Rf8 1-0

[Event "PokerStars Masters 2nd"]
[Site "Douglas"]
[Date "2015.10.06"]
[Round "4.22"]
[White "Vaisser, Anatoli"]
[Black "L'Ami, Alina"]
[Result "1-0"]
[WhiteElo "2515"]
[BlackElo "2369"]
[PlyCount "227"]
[EventDate "2015.10.03"]
[EventType "swiss"]
[EventRounds "9"]
[EventCountry "IOM"]
[SourceTitle "twic1065-1099"]
[Source "Mark Crowther"]
[SourceDate "2015.12.04"]
[SourceVersion "1"]
[SourceVersionDate "2015.12.04"]
[SourceQuality "1"]

1. d4 Nf6 2. c4 g6 3. Nc3 Bg7 4. e4 d6 5. f4 c5 6. d5 e6 7. Nf3 exd5 8. cxd5
O-O 9. Be2 Bg4 10. O-O Nbd7 11. Qc2 Ne8 12. Bd2 a6 13. a4 Rb8 14. a5 Nc7 15. h3
Bxf3 16. Rxf3 Re8 17. Raf1 b5 18. axb6 Rxb6 19. Na4 Rb7 20. Bc4 Nb5 21. Qd3 Nd4
22. Re3 Qb8 23. Bc3 Qa7 24. Kh1 Bh6 25. Ree1 Bg7 26. Bxa6 Rbb8 27. Bxd4 Bxd4
28. Bb5 Re7 29. Re2 Nf6 30. Nc3 Qa5 31. Bc6 Rb3 32. Qc2 c4 33. e5 Nh5 34. Ne4
Rxb2 35. Qxc4 Rxe2 36. Qxe2 dxe5 37. f5 Nf4 38. d6 Ra7 39. Qf3 gxf5 40. Ng3 Qa3
41. Qxa3 Rxa3 42. Nxf5 Ra1 43. Rxa1 Bxa1 44. d7 Ne6 45. Bd5 Nd8 46. Kh2 Kf8 47.
Kg3 Bc3 48. Kg4 f6 49. Kf3 Ba5 50. Ke4 Bb6 51. Nd6 Bc5 52. Ne8 Ke7 53. Kf5 Kxd7
54. Nxf6+ Kd6 55. Ba2 Bd4 56. Nxh7 Ke7 57. Bd5 Kd6 58. Ke4 Ne6 59. Bxe6 Kxe6
60. Ng5+ Kf6 61. Nf3 Bb2 62. g4 Bc3 63. h4 Bb2 64. Kd5 Bc3 65. Ng5 Bb2 66. Ne4+
Kg6 67. Ke6 Bd4 68. h5+ Kh6 69. Kf6 Be3 70. Kxe5 Bc1 71. Kf6 Bg5+ 72. Kf5 Bc1
73. Nd6 Bd2 74. Nf7+ Kg7 75. Ng5 Kh6 76. Ne6 Bb4 77. Nf4 Be7 78. Nd5 Bg5 79.
Nb6 Be3 80. Nc4 Bg5 81. Nd6 Bd2 82. Nf7+ Kg7 83. Ke6 Bc1 84. Ne5 Kh6 85. Kf6
Bg5+ 86. Kf5 Bd2 87. Nf3 Bc1 88. Ke4 Kg7 89. Kd3 Kh6 90. Ke2 Ba3 91. Nd4 Kg5
92. Kf3 Bc1 93. Kg3 Be3 94. Ne6+ Kh6 95. Nf4 Bc5 96. Nh3 Be7 97. Nf2 Bd8 98.
Ne4 Be7 99. Kf4 Ba3 100. g5+ Kxh5 101. Kf5 Bc1 102. Nf6+ Kh4 103. g6 Bh6 104.
Ke6 Kg5 105. Kf7 Kf5 106. Nd7 Kg5 107. Nc5 Kg4 108. Kg8 Bc1 109. Nd3 Be3 110.
Ne5+ Kh5 111. Kh7 Bh6 112. Nd7 Kg5 113. Nc5 Kh5 114. Ne6 1-0